000
00321nam a22001457a 4500
020
_a
978-0415584388
041
_a
ENG
100
_a
Twidell.J
245
_a
Renewable Energy Resources
250
_a
sewcond Ed
260
_a
Delhi
_b
Taylor & Francis
_c
2013
300
_a
601
650
_a
EOES
856
_u
EOES ( 12 )
999
_c
1237
_d
1237